Áreas metropolitanas de España en crecimiento - Estadísticas

Estadísticas generales
  • Esta prueba ha sido intentada 347 veces
  • La puntuación promedio es 12 de 20
Estadísticas de respuestas
Aumento de población Área metropolitana % Correcto
77.704 Barcelona
99%
68.007 Madrid
99%
12.342 Sevilla
90%
21.571 Málaga
84%
9.402 Granada
70%
11.813 Murcia
67%
3.510 La Coruña
66%
4.438 Palma
63%
4.042 Toledo
63%
8.785 Almería
60%
6.395 Gerona
56%
5.363 San Sebastián
54%
15.616 Tenerife Sur
53%
14.476 Pamplona
49%
9.614 Vitoria
48%
4.348 Guadalajara
45%
3.234 Gran Canaria Sur
38%
3.883 Santiago de Compostela
36%
2.767 Bahía de Algeciras
15%
6.649 Costa del Sol
6%
No se encontraron pruebas coincidentes
Distribución de puntuación
Porcentaje de gente con cada puntuación
Porcentaje por número respondido
Historial de tus puntuaciones
No has intentado esta prueba.